| 000 | 01717nam0a2200361 4500 | ||
|---|---|---|---|
| 001 | RU\NLR\bibl\487797 | ||
| 005 | 20250623194437.0 | ||
| 010 |
_a5-7692-0549-0 _9300 |
||
| 021 |
_aRU _b2003-56769 _92770 |
||
| 035 | _a(NLR Aleph) 000480487 | ||
| 090 |
_a1050571 _c1050571 |
||
| 100 | _a20040206d2003 |||y0rusy50 ca | ||
| 101 | 0 | _arus | |
| 102 | _aRU | ||
| 105 | _aa ||||||||| | ||
| 200 | 1 |
_aОптические и фотофизические свойства фрактально-структурированных золей металлов _fС.В. Карпов, В.В. Слабко _gОтв. ред. д.ф.-м.н. Л.Е. Парамонов _gРос. акад. наук. Сиб. отд-ние, Ин-т физики им. Л.В. Киренского, Краснояр. гос. техн. ун-т |
|
| 210 |
_aНовосибирск _cИзд-во СО РАН _d2003 |
||
| 215 |
_a264,[1] с. _cил. _d20 |
||
| 313 | _aнаноструктуры | ||
| 320 | _aБиблиогр.: с. 255-265 (195 назв.) | ||
| 606 | 0 |
_aНаноструктуры _xФизические основы _92174417 _3RU\NLR\auth\661307814 |
|
| 606 | 0 |
_aЗоли металлов _xОптические свойства _92319417 _3RU\NLR\auth\661387662 |
|
| 686 | _aЗ844.1-01 | ||
| 686 | _aГ631.11-24 | ||
| 700 | 1 |
_4070 _7ca _8rus _aКарпов _bС. В. _cд-р физ.-мат. наук, оптика _f1955- _gСергей Васильевич _9208626 _3RU\NLR\AUTH\770208680 |
|
| 701 | 1 |
_aСлабко _bВ. В. _gВиталий Васильевич _4070 |
|
| 801 | 0 |
_aRU _bNLR _c20040206 _gPSBO |
|
| 801 | 1 |
_aRU _bNLR _c20040206 |
|
| 830 | _aАвт. по кн. | ||
| 942 | _cBOOK | ||
| 980 | _aNB | ||